000 00649cam a2200205 4500
001 WB3605-18
008 000000n2000 000 0 eng u
035 _a(Sirsi) u104010
245 _aMeadowhall takes centre stage
260 _c2000
490 _aYorkshire Post
_v 3 February 2000, 20(2)
520 _aReports on the shopping centre investment market, which reached record levels in 1999. Includes details of major transactions.
590 _aWB
650 _aSHOPPING CENTRES
650 _aINVESTMENT MARKET
650 _aMEADOWHALL
650 _aTRANSACTIONS
690 _aPROPERTY-COMMERCIAL PROPERTY-RETAIL PROPERTY
942 _n0
999 _c62424
_d62424